Sporcle High School Logic Puzzle Quiz Stats

 Plays Quiz Updated May 3, 2017

Support Sporcle.
Go Orange.
Score 0/25 Timer 20:00
51 Plays Today
Hint Answer % Correct
Miss Cannon



???
100%
Mr. Kingston



???
76.3%
Ms. Lester



???
66%
Mrs. Aldrich



???
50.6%
Mr. Edgeworth



???
49.8%
Mr. Adams



???
49.6%
Mrs. Souto



???
47.1%
Mrs. Neall



???
42.5%
Mrs. Korrey



???
40.3%
Mr. Levinson



???
38.6%
Ms. Williams



???
37.5%
Miss Kemp



???
32.5%
Ms. Kobayashi



???
30.6%
Hint Answer % Correct
Miss Scott



???
28.8%
Ms. Hobart



???
25.9%
Mr. Kristiansen



???
20.1%
Mrs. Kennedy



???
17.7%
Mr. Morgan



???
16.3%
Mrs. Schultz



???
15.4%
Mr. Zepeda



???
13%
Mr. Torres



???
12.8%
Miss Smith



???
11.9%
Mr. Collier



???
10.9%
Mrs. Limm



???
10.2%
Ms. Van Camp



???
9.6%

You're not logged in!

Compare scores with friends on all Sporcle quizzes.
OR
Log In

From the Vault

The Unwelcome Guest Star III

by Thebiguglyalien

In this case, the unwelcome stars are welcome as correct answers.
Remove Ads.
Support Sporcle.
Get the best of Sporcle when you Go Orange. This ad-free experience offers more features, more stats, and more fun while also helping to support Sporcle. Thank you for becoming a member.

Show Comments

Extras

Top Quizzes Today


Score Distribution

Your Account Isn't Verified!

In order to create a playlist on Sporcle, you need to verify the email address you used during registration. Go to your Sporcle Settings to finish the process.

Report this User

Report this user for behavior that violates our Community Guidelines.

Details: